000 00933nam a2200241 i 4500
001 bg
100 1 _aGRZESIAK, Lech M.
245 1 0 _aPrzekształtnikowe układy wytwarzania energii elektrycznej z silnikiem spalinowym o regulowanej prędkości /
_cLech M. Grzesiak.
260 _aWarszawa :
_bOficyna Wydawnicza PW,
_c2001.
300 _a74, [1] s. :
_brys., wykr. ;
_c24 cm.
490 1 _aPrace Naukowe / Politechnika Warszawska. Elektryka,
_x0137-2319 ;
_vz. 115
500 _aW nagł. nazwa serii: Prace Naukowe Politechniki Warszawskiej. - Opis wg nagł. - Streszcz. ang.
504 _aBibliogr.
650 9 _aPrzekształtniki
_xbadanie
650 9 _aEnergia elektryczna
650 9 _aSilniki spalinowe
830 0 _aPrace Naukowe (Politechnika Warszawska).
_pElektryka ;
_vz. 115
040 _cBPK
041 0 _apl
_ben
080 _a621.313.2/.3-83:621.314
942 _cKS
008 s pl f |000 0 pol
999 _c40636
_d40636
856 _uhttp://koha.tu.koszalin.pl/cgi-bin/koha/opac-detail.pl?biblionumber=40636
_yKatalog online BPK